00432nam a2200169Ia 450000500170000000800410001704100080005808200190006610000140008524500260009925000110012526000360013630000090017250000290018165000280021070000240023820251118114843.0230125s9999 xx 000 0 und d aeng a158.1bLUK/BHA aLuktuke U aMan kara re prassanna a5th ed c2004bShrividya PrakashanaPune a110p aPersonality Development, aPersonality Development aLuktuke U & Bhave S